| 000 | 00474 a2200157 4500 | ||
|---|---|---|---|
| 999 |
_c320969 _d320969 |
||
| 001 | 85896 | ||
| 003 | NUST | ||
| 005 | 20180121172304.0 | ||
| 008 | 180121b xxu||||| |||| 00| 0 eng d | ||
| 020 | _a155587374X | ||
| 082 | _a352.3098 CAR | ||
| 100 |
_aLuiz Carlos Bresser Pereira ; Peter Spink _99373 |
||
| 245 |
_aReforming the state : managerial public administration in Latin America _hEnglish |
||
| 250 | _a1st | ||
| 260 |
_aBoulder _bLynne Rienner Publishers _c1999 |
||
| 300 | _axv, 213 p. | ||
| 500 | _aGifted By AM Masood Akhtar | ||
| 942 |
_acaenust _cBK _k352.3098 CAR _2ddc |
||